000
002950000a22001330004500
020
_a
958-30-2258-6
082
0
4
_a
B P191q
110
1
_a
Panamericana Editorial
245
1
0
_a
Mi querido padre
260
_a
Bogotá : Panamerica editorial
500
_a
Libro de tela
001
1343
942
_c
LGB
999
_c
48510
_d
48510